000 00268 a2200109 4500
999 _c13251
_d13251
008 250417b ||||| |||| 00| 0 eng d
020 _a9780500296875
100 _aWILHIDE ELIZABETH
245 _aDesign The Whole Story
260 _b THAMES HUDSON
_c2022
942 _2ddc